| 000 | 01758nam a2200433 a 4500 | ||
|---|---|---|---|
| 999 |
_c10465 _d10465 |
||
| 003 | BLK | ||
| 005 | 20250416102720.0 | ||
| 008 | 180412b bul|||||r ||||||| ||bul|| | ||
| 010 | _aKNG00011953000 | ||
| 020 | _a954-474-022-8 | ||
| 040 | _aBLK | ||
| 041 |
_aBUL _cBUL |
||
| 072 | 7 |
_2bullib _aЛ04 _xЛечебно хранене |
|
| 080 |
_aХигиена на храненето. Режим на храненето. Вж и 612.39 ; 614.3 ; 615.874 ; 641 _b613.2 _z613.2 |
||
| 100 | 1 |
_aДайъмънд, Харви _eпърви автор _9255570 |
|
| 139 |
_aДайъмънд, Харви и др. _bД 13 |
||
| 245 | 1 | 0 |
_aСила за живот _bОтслабване без диети _cХарви Дайъмънд; прев. Евелина Банева; прев. Десислава Михайлова Лазарова. |
| 257 | _aUSA | ||
| 260 |
_aСофия _bКибеа _c1993 |
||
| 300 |
_a331 с. _c20 см |
||
| 380 | _a61 | ||
| 490 |
_aСерия Здраве _9201388 |
||
| 500 | _aОриг. загл. Fit for Life / Harvey and Marilyn Diamond. - 3 000 тир. | ||
| 650 | 4 |
_aХранене - хигиена _9244313 |
|
| 650 | 4 |
_aЛечебно хранене _9244312 |
|
| 653 | _aлечебно хранене | ||
| 653 | _aотслабване | ||
| 659 | _aЛ | ||
| 700 | 1 |
_aЛазарова, Десислава Михайлова _eпрев. _9246189 |
|
| 700 |
_aБанева, Евелина Борисова _d1954- _9368071 |
||
| 852 |
_aЦб 174167 _bЦб |
||
| 856 | 4 |
_qpdf _u _i4.20 _ldisable |
|
| 856 | 4 |
_qpdf _u _i4.20 _ldisable |
|
| 942 |
_cKNG _n0 _014 _s1 |
||
| 944 |
_aCR _c15.01.2003 _lЦветомила Тодорова _k30576 |
||
| 944 |
_aED _c05.10.2016 _lф / |
||
| 999 | _d10465 | ||
| 999 | _d10465 | ||